MARC

LEADER 00000nam0a2200000 4500
001 263761
005 20231101233753.0
035 |a (RuTPU)RU\TPU\book\286750 
090 |a 263761 
100 |a 20140611d1987 k y0rusy50 ca 
101 0 |a rus 
102 |a LV 
105 |a y z 101zy 
200 1 |a Моделирование электроэнергетических систем  |e тезисы докладов IX Всесоюзной научной конференции  |f Академия наук СССР (АН СССР) ; Латвийская академия наук (ЛАН), Физико-энергетический институт (ФЭИ) ; Рижский политехнический институт ; под ред. В. А. Веникова 
210 |a Рига  |c Изд-во ФИЭ  |d 1987 
215 |a 451 с. 
320 |a Именной указатель: с. 442-451. 
606 1 |a Электрические системы  |x Моделирование  |2 stltpush  |3 (RuTPU)RU\TPU\subj\27575  |9 51304 
610 1 |a электроэнергетика 
610 1 |a электроэнергетические системы 
610 1 |a моделирование 
610 1 |a физическое моделирование 
610 1 |a математическое моделирование 
610 1 |a оптимизационные задачи 
610 1 |a конференции 
610 1 |a тезисы 
610 1 |a Рига 
675 |a 621.311.001.5(063)  |v 3 
702 1 |a Веников  |b В. А.  |4 340 
712 0 2 |a Академия наук СССР (АН СССР)  |2 stltpush  |3 (RuTPU)RU\TPU\col\722 
712 0 2 |a Латвийская академия наук (ЛАН)  |b Физико-энергетический институт (ФЭИ)  |2 stltpush  |3 (RuTPU)RU\TPU\col\17650 
712 0 2 |a Рижский политехнический институт  |2 stltpush  |3 (RuTPU)RU\TPU\col\7561  |9 24345 
712 1 2 |a Моделирование электроэнергетических систем  |c Всесоюзная научная конференция  |d 9  |e Рига  |f 1987 
801 1 |a RU  |b 63413507  |c 20140611 
801 2 |a RU  |b 63413507  |c 20150521  |g RCR 
942 |c BK